000 00700cad a22002175a 4500
001 L159159
008 130107s2013 xxk f 000 0 eng d
035 _a(Sirsi) u159159
041 0 _aeng
110 2 _aRoyal Institution of Chartered Surveyors
_94900
245 0 0 _aRICS Europe annual review 2013
_h[electronic resource]
260 _bRICS
_c2013
490 0 _aRICS Europe annual review
520 _aProvides review of RICS activities in continental Europe.
590 _aKA
650 2 4 _aRICS ANNUAL REVIEW AND FINANCIAL STATEMENTS
651 4 _aEurope
690 _aBusiness and management
856 4 0 _zNo longer available online. Ask the library about getting a copy.
942 _n0
999 _c115711
_d115711